| 000 | 00961nam a22002657a 4500 | ||
|---|---|---|---|
| 005 | 20090903153749.0 | ||
| 008 | 090903t xxu||||| |||| 00| 0 eng d | ||
| 010 | _aB-356984 | ||
| 020 |
_a9789380032375 _c80.00 |
||
| 035 | _aB-356984 | ||
| 037 | _bDBAD / PUB | ||
| 040 |
_adpl _bEnglish |
||
| 082 | _aS | ||
| 100 | _aKelman, Marcy | ||
| 245 |
_aTools for toys / _cby Marcy Kelman; illustrated by Alan Batson |
||
| 260 |
_aChennai _bWestland _c2009 |
||
| 270 |
_a571, Poonamallee High Road, Kamraj Bhawan, Aminijikarai _bChennai _e600029 |
||
| 300 |
_aunpaged _bcol. ill. _c22cm(pbk) |
||
| 490 | _aHandy Manny series | ||
| 500 | _aBased on the episode written by Michael Maurer | ||
| 650 | _aChildren Stories, English | ||
| 700 | _aBatson, Alan | ||
| 942 |
_2ddc _cEN _hS _mKEL |
||
| 999 |
_c29972 _d29972 |
||